Advanced topics in system and signal theory a mathematical approach (Record no. 10943)
[ view plain ]
| 000 -LEADER | |
|---|---|
| fixed length control field | 00465 a2200169 4500 |
| 020 ## - INTERNATIONAL STANDARD BOOK NUMBER | |
| International Standard Book Number | 9783642036385 |
| 082 ## - DEWEY DECIMAL CLASSIFICATION NUMBER | |
| Classification number | 621.3822 |
| 090 ## - LOCALLY ASSIGNED LC-TYPE CALL NUMBER (OCLC); LOCAL CALL NUMBER (RLIN) | |
| -- | 7139 |
| -- | 7139 |
| 100 ## - MAIN ENTRY--PERSONAL NAME | |
| Personal name | Pohl, Volker |
| 110 ## - MAIN ENTRY--CORPORATE NAME | |
| Corporate name or jurisdiction name as entry element | Boche, Holger |
| 245 ## - TITLE STATEMENT | |
| Title | Advanced topics in system and signal theory a mathematical approach |
| Statement of responsibility, etc. | Volker, Pohl |
| 260 ## - PUBLICATION, DISTRIBUTION, ETC. | |
| Place of publication, distribution, etc. | New York |
| Name of publisher, distributor, etc. | Springer |
| Date of publication, distribution, etc. | 2009 |
| 300 ## - PHYSICAL DESCRIPTION | |
| Extent | 241 p. |
| 650 ## - SUBJECT ADDED ENTRY--TOPICAL TERM | |
| Topical term or geographic name entry element | Signal processing--Mathematics |
| 700 ## - ADDED ENTRY--PERSONAL NAME | |
| Personal name | Volker, Pohl |
| 942 ## - ADDED ENTRY ELEMENTS (KOHA) | |
| Koha item type | Book |
| Call number prefix | 621.3822 POH |
| Withdrawn status | Lost status | Damaged status | Not for loan | Collection code | Permanent Location | Current Location | Shelving location | Date acquired | Source of acquisition | Cost, normal purchase price | Total Checkouts | Full call number | Barcode | Date last seen | Date last checked out | Price effective from | Koha item type |
|---|---|---|---|---|---|---|---|---|---|---|---|---|---|---|---|---|---|
| Central Library (CL) | Central Library (CL) | General Stacks | 07/10/2012 | Progressive International Agencies | 11504.08 | 2 | 621.3822 POH | SEECS011337 | 08/22/2019 | 10/01/2018 | 01/05/2017 | Book |
